|
|
|
|
| LEADER |
01926nam a2200457 i 4500 |
| 001 |
EBC1474754 |
| 003 |
MiAaPQ |
| 005 |
20200520144314.0 |
| 006 |
m o d | |
| 007 |
cr cnu|||||||| |
| 008 |
131113r20031954enk ob 001 0 eng|d |
| 020 |
|
|
|z 9780415607957 (pbk)
|
| 020 |
|
|
|z 9780415313841
|
| 020 |
|
|
|a 9781315889047
|q (electronic bk.)
|
| 035 |
|
|
|a (MiAaPQ)EBC1474754
|
| 035 |
|
|
|a (Au-PeEL)EBL1474754
|
| 035 |
|
|
|a (CaPaEBR)ebr10786239
|
| 035 |
|
|
|a (CaONFJC)MIL531059
|
| 035 |
|
|
|a (OCoLC)870591482
|
| 040 |
|
|
|a MiAaPQ
|b eng
|e rda
|e pn
|c MiAaPQ
|d MiAaPQ
|
| 043 |
|
|
|a e-uk---
|
| 050 |
|
4 |
|a HD6961
|b .R53 2003
|
| 082 |
0 |
|
|a 445
|
| 100 |
1 |
|
|a Richardson, J. Henry.
|
| 245 |
1 |
3 |
|a An introduction to the study of industrial relations /
|c J. Henry Richardson.
|
| 264 |
|
1 |
|a London :
|b Routledge,
|c 2003.
|
| 300 |
|
|
|a 1 online resource (445 pages)
|
| 336 |
|
|
|a text
|2 rdacontent
|
| 337 |
|
|
|a computer
|2 rdamedia
|
| 338 |
|
|
|a online resource
|2 rdacarrier
|
| 440 |
|
0 |
|a Routledge library editions.
|p Economics.
|p Labour economics and industrial relations ;
|v 5
|
| 500 |
|
|
|a "First published in 1954. Reprinted in 2003"--T.page verso.
|
| 504 |
|
|
|a Includes bibliographical references and index.
|
| 505 |
0 |
|
|a part 1. Relations at the workplace -- part 2. Collective relations -- part 3. Wages and hours of work -- part 4. State intervention -- part 5. International aspects.
|
| 588 |
|
|
|a Description based on online resource; title from PDF title page (ebrary, viewed November 13, 2013).
|
| 590 |
|
|
|a Electronic reproduction. Ann Arbor, MI : ProQuest, 2015. Available via World Wide Web. Access may be limited to ProQuest affiliated libraries.
|
| 650 |
|
0 |
|a Industrial relations.
|
| 650 |
|
0 |
|a Industrial relations
|z Great Britain.
|
| 655 |
|
4 |
|a Electronic books.
|
| 797 |
2 |
|
|a ProQuest (Firm)
|
| 856 |
4 |
0 |
|u https://ebookcentral.proquest.com/lib/matrademy/detail.action?docID=1474754
|z Click to View
|